000 00588nam a2200217Ia 4500
003 OSt
005 20220926010255.0
006 a|||||r|||| 00| 0
007 ta
008 220923b |||||||| |||| 00| 0 eng d
037 _cGeneral Book
040 _aRTL
_cRTL
_beng
041 _2eng
_aeng
082 _aY:351.4445, L8
100 _aSharma Man Mohan
_9131286
245 0 _aFolklore of Nepal.
260 _a New Delhi
_bVision Books India
_c1978
300 _a192p
_ccm.
942 _hY:351.4445, L8
_cGB
_2CC
999 _c616872
_d616872